| 000 | 01150cam a22001814a 4500 | ||
|---|---|---|---|
| 005 | 20250605164347.0 | ||
| 008 | 250528s ||||||||||||||||||||||||d | ||
| 035 | _a23961 | ||
| 040 |
_aGR-AtMCL _bgre _dGR-AtMCL _eAACR2 |
||
| 245 | 1 | _aGoody's Burger House / Έμπαινες; | |
| 260 | _c2018 | ||
| 520 | _a'Μπ'ηκαμε' στην Καρδιά της Νέας Καμπάνιας Goody's, Ενημέρωση με Αξιόπιστο και Γρήγορο Περιεχόμενο, Επανεφευρίσκοντας την 'Πηγή' της Ανάπτυξης, Ευκαιρία για την Ψηφιακή Ενιαία Αγορά και η Κατάργηση του Geo-Blocking, Το Digital OHH 'Κλέβει την Παράσταση' στην Υπαίθρια Επικοινωνία, Προκλήσεις και Προοπτικές για τον Κλάδο Αλκοολούχων Ποτών στην Ελλάδα, Αξιοποιώντας το Ταλέντο του Μέλλοντος. | ||
| 700 | 1 |
_aΜπούσιας Μιχάλης Κ _99357 |
|
| 942 | _cCR | ||
| 710 | 2 |
_aThe Marketing Week _99825 |
|
| 999 |
_c8872 _d8872 |
||